Statistiques concernant Top 15 des villes les plus peuplées de Nouvelle-Aquitaine

Cliquez ici pour prendre le quiz!

Statistiques générales

  • Ce quiz a été pris 82 fois
  • Le résultat moyen est 10 sur 15

Statistiques - réponses

PopulationsVilles% Correct
261 804Bordeaux
100%
52 749Bayonne
91%
78 535La Rochelle
91%
77 066Pau
91%
90 240Poitiers
91%
129 760Limoges
87%
41 086Angoulême
81%
59 309Niort
75%
75 729Mérignac
72%
66 760Pessac
64%
46 599Brive-la-Gaillarde
57%
45 225Talence
48%
41 153Anglet
47%
40 500Villenave-d'Ornon
19%
32 538Saint-Médard-en-Jalles
11%

Distribution des résultats

Percentile par nombre de réponses

% des personnes avec chaque résultat

Votre développement - résultats

Vous n’avez pas pris ce quiz